| 000 | 00825nam a2200229 a 4500 | ||
|---|---|---|---|
| 001 | 63683 | ||
| 003 | BD-RjUL | ||
| 005 | 20211209081225.0 | ||
| 008 | 170202s2009 bg ||||| |||| 00| 0 ben d | ||
| 020 |
_a9789848867082 _c: TK 80.00 |
||
| 035 | _a(BD-RjUL)63812 | ||
| 040 |
_aBD-RjUL _bben _cBD-RjUL |
||
| 041 | _aben | ||
| 082 |
_223 _a891.443 _bMAT 2009 |
||
| 100 |
_aমামুন, আসাদুল্লাহ _9176612 |
||
| 245 | 1 | 0 |
_aটাইম মেশিনে ছুটলো ছাগল / _cআসাদুল্লাহ মামুন |
| 260 |
_aঢাকা : _bপরিলেখ, _c২০০৯ |
||
| 300 |
_a৭১ পৃ. : _bচিত্র ; _c২১ সেমি. |
||
| 650 |
_aবাংলা উপন্যাস _9170454 |
||
| 650 |
_aBengali fictions _9170515 |
||
| 942 |
_2ddc _cBK |
||
| 999 |
_c63683 _d63683 |
||